Theology of the New Testament / (Record no. 55195)
[ view plain ]
| 000 -LEADER | |
|---|---|
| fixed length control field | 00542nam a2200157 4500 |
| 008 - FIXED-LENGTH DATA ELEMENTS--GENERAL INFORMATION | |
| fixed length control field | 200114b ||||| |||| 00| 0 eng d |
| 020 ## - INTERNATIONAL STANDARD BOOK NUMBER | |
| International Standard Book Number | 9780801036040 |
| 050 ## - LIBRARY OF CONGRESS CALL NUMBER | |
| Classification number | BS2397 |
| Item number | .S46 2009 |
| 100 ## - MAIN ENTRY--PERSONAL NAME | |
| Personal name | Schnelle, Udo. |
| 245 ## - TITLE STATEMENT | |
| Title | Theology of the New Testament / |
| Statement of responsibility, etc | Udo Schnelle ; translated by M. Eugene Boring. |
| 260 ## - PUBLICATION, DISTRIBUTION, ETC. (IMPRINT) | |
| Place of publication, distribution, etc | Grand Rapids, Mich. : |
| Name of publisher, distributor, etc | Baker Academic, |
| Date of publication, distribution, etc | 2009. |
| 300 ## - PHYSICAL DESCRIPTION | |
| Extent | 910 p. ; |
| Dimensions | 24 cm. |
| 500 ## - GENERAL NOTE | |
| General note | Includes bibliographical references and indexes. |
| 650 ## - SUBJECT ADDED ENTRY--TOPICAL TERM | |
| Topical term or geographic name as entry element | Bible. New Testament |
| General subdivision | Theology. |
| 942 ## - ADDED ENTRY ELEMENTS (KOHA) | |
| Source of classification or shelving scheme | Library of Congress Classification |
| Item type | Book |
| Withdrawn status | Lost status | Source of classification or shelving scheme | Damaged status | Not for loan | Collection code | Home library | Current library | Shelving location | Date acquired | Source of acquisition | Cost, normal purchase price | Full call number | Barcode | Copy number | Price effective from | Koha item type |
|---|---|---|---|---|---|---|---|---|---|---|---|---|---|---|---|---|
| Library of Congress Classification | Non-fiction | Joshua & Timothy School of Theology Library (JTSOT) | Joshua & Timothy School of Theology Library (JTSOT) | General Circulation | 14/01/2020 | Donation-TBN | 4178.00 | BS2397 .S46 2009 | 063405 | 1 | 14/01/2020 | Book |